Fundamentals of financial accounting

Bibliographic Details
Main Author: Short, Daniel G
Other Authors: Welsch, Glenn A
Format: Book
Published: Boston : Irwin,Inc. , 1990
Edition:Sixth edition
Subjects:

MARC

LEADER 00000cam a2200000 7i4500
001 0000004924
002 000005309
005 20000330.0
020 |a 0256071543 
090 0 0 |a 657   |b SHO 
100 1 |a Short, Daniel G 
245 1 0 |a Fundamentals of financial accounting   |c Daniel G.Short and Glenn A.Welsh 
250 |a Sixth edition 
260 |a Boston :   |b Irwin,Inc. ,   |c 1990 
300 |a 841p. :   |b ill ;   |c 24cm. 
650 0 0 |a Accounting 
700 0 |a Welsch, Glenn A 
999 |a 037672   |b BUKU   |c PINJAMAN   |e PERPUSTAKAAN KOMUNITI PETALING JAYA 
999 |a 037673   |b BUKU   |c PINJAMAN   |e PERPUSTAKAAN KOMUNITI PETALING JAYA